|
|
|
|
| LEADER |
00000cas a2200000 a 4500 |
| 001 |
vtls009089069 |
| 003 |
SK-MaSNL |
| 005 |
20260228160307.0 |
| 008 |
070824d19721972xo uu|p 0 b0slo |
| 040 |
|
|
|a SNK
|b slo
|c SNK
|e AACR2
|
| 041 |
0 |
|
|a slo
|
| 044 |
|
|
|a xo
|c SK
|
| 072 |
|
7 |
|a 323
|x Vnútropolitický vývoj, politický život
|2 konspekt
|
| 080 |
|
|
|a 323.15
|2 2011
|
| 080 |
|
|
|a 050
|2 2001
|
| 080 |
|
|
|a 323.15(051)
|2 2011
|
| 080 |
|
|
|a (=214.58)
|2 2011
|
| 245 |
0 |
0 |
|a Romen
|b spravodaj Ústredného výboru zväzu Cigánov-Romov na Slovensku
|
| 246 |
1 |
3 |
|a Romen - magazín
|
| 260 |
|
|
|a Bratislava
|b ÚV Zväzu Cigánov-Romov na Slovensku
|c [1972]
|
| 300 |
|
|
|a zv.
|
| 310 |
|
|
|a Periodicita nie je známa
|
| 362 |
0 |
|
|a [Roč. 1, č. 1 (1972)]
|
| 650 |
0 |
7 |
|a Rómovia
|2 SNKPH
|9 1702
|
| 655 |
|
7 |
|a časopisy národnostných menšín
|2 SNKPH
|9 125411
|
| 910 |
|
|
|a snk
|
| 999 |
|
|
|c 2076
|d 4006
|
| 952 |
|
|
|0 0
|1 0
|4 0
|7 0
|a SNK
|b SNK
|d 2007-08-24
|i snkKSP 2808/74
|l 0
|o snkČSB 2327/1972
|p 17A0654785
|r 2026-02-21 21:11:42
|w 2026-02-21
|y PREZ
|
| 952 |
|
|
|0 0
|1 0
|4 0
|7 0
|a SNK
|b SNK
|d 2013-09-03
|i snkČSP 554/75
|l 0
|o snkČSB 2327/1972 D1
|p 17A1022657
|r 2026-02-21 21:24:08
|w 2026-02-21
|y PREZ
|